The all new captain underpants Extra crunchy book o' fun 2 : (Record no. 758)

MARC details
000 -LEADER
fixed length control field 01075nam a22002657a 4500
005 - DATE AND TIME OF LATEST TRANSACTION
control field 20230731080929.0
020 ## - INTERNATIONAL STANDARD BOOK NUMBER
International Standard Book Number 9780439978064
040 ## - CATALOGING SOURCE
Original cataloging agency FISKH
Language of cataloging eng
Transcribing agency FISKH
Modifying agency FISKH
050 ## - LIBRARY OF CONGRESS CALL NUMBER
Classification number PN6166
082 ## - DEWEY DECIMAL CLASSIFICATION NUMBER
Classification number 793.73
100 ## - MAIN ENTRY--PERSONAL NAME
Personal name Pilkey, Dav
245 ## - TITLE STATEMENT
Title The all new captain underpants Extra crunchy book o' fun 2 :
Remainder of title Comics, laffs, puzzles, stickers, flip-o-ramas, jokes, 'n' other cool stuff /
Statement of responsibility, etc. Pilkey, Dav
260 ## - PUBLICATION, DISTRIBUTION, ETC.
Place of publication, distribution, etc. London :
Name of publisher, distributor, etc. Scholastic,
Date of publication, distribution, etc. 2002.
300 ## - PHYSICAL DESCRIPTION
Extent 96 pages :
Other physical details illustrations,
Dimensions 20 cm.
490 ## - SERIES STATEMENT
Series statement Captain underpants
505 ## - FORMATTED CONTENTS NOTE
Formatted contents note O <br/>
520 ## - SUMMARY, ETC.
Summary, etc. Learn how to draw your favorite characters, tell cheesy jokes, and even make your own silly Captain Underpants story. Also includes a new comic-book adventure starring Captain Underpants, Super Diaper Baby, and the amazing Diaper Dog.
521 ## - TARGET AUDIENCE NOTE
Target audience note 630 <br/><br/>
Source Lexile
521 ## - TARGET AUDIENCE NOTE
Target audience note O <br/>
Source Raz-Plus <br/>
650 ## - SUBJECT ADDED ENTRY--TOPICAL TERM
Topical term or geographic name entry element Adventure
Form subdivision activities
General subdivision graphic novel
650 ## - SUBJECT ADDED ENTRY--TOPICAL TERM
Topical term or geographic name entry element comedy
Form subdivision fiction
General subdivision graphic novel
942 ## - ADDED ENTRY ELEMENTS (KOHA)
Source of classification or shelving scheme Dewey Decimal Classification
Koha item type Books
Suppress in OPAC No
999 ## -
-- 758
-- 758
Holdings
Withdrawn status Lost status Source of classification or shelving scheme Damaged status Not for loan Collection Home library Current library Shelving location Date acquired Total Checkouts Full call number Barcode Date last seen Date last checked out Price effective from Koha item type
    Dewey Decimal Classification     Fiction Footprints International School Library Network Toul Kork Campus Footprints International School Library Network Toul Kork Campus TK Primary Library Room(4th Floor), Bookcase 3&4, Shelves 17-32, Yellow Books 07/06/2023 3 PIL Fic 793.73 PN6166 FISTK00552 05/19/2025 09/19/2024 07/06/2023 Books